Loading...
| Fine Arts - Other | 0 | 5 | 1 | 1 | 45 | 94 | 116.40 | 0 | 1 | 4.21 | 16.27 |
| Science - Chemistry | 0 | 5 | 1 | 0 | 45 | 45 | 59.80 | 2 | 3 | 24.68 | 38.18 |
| Literature - European | 0 | 5 | 2 | 2 | 40 | 82 | 117.40 | 0 | 1 | 9.12 | 22.82 |
| Fine Arts - Classical Music | 0 | 4 | 1 | 0 | 35 | 98 | 104.25 | 0 | 1 | 4.52 | 23.45 |
| Literature - World | 0 | 4 | 1 | 0 | 35 | 65 | 94.75 | 0 | 1 | 12.65 | 19.09 |
| Literature - American | 0 | 3 | 0 | 0 | 30 | 62 | 96.67 | 0 | 2 | 8.86 | 17.00 |
| Literature - British | 0 | 3 | 1 | 0 | 25 | 70 | 85.67 | 0 | 0 | 11.59 | 20.64 |
| History - Other | 0 | 2 | 0 | 1 | 20 | 101 | 115.50 | 0 | 1 | 1.44 | 7.91 |
| Mythology | 0 | 2 | 0 | 0 | 20 | 37 | 69.00 | 0 | 1 | 8.85 | 14.55 |
| Philosophy | 0 | 1 | 0 | 1 | 10 | 111 | 111.00 | 0 | 0 | 0.00 | 3.00 |
| Religion | 0 | 1 | 0 | 0 | 10 | 104 | 104.00 | 0 | 0 | 0.37 | 1.00 |
| Science - Other | 0 | 1 | 0 | 0 | 10 | 70 | 70.00 | 1 | 1 | 4.17 | 9.09 |
| Geography | 0 | 0 | 1 | 0 | -5 | 0.00 | 0 | 0 | 0.00 | 0.00 | |
| Fine Arts - Painting and Sculpture | 0 | 0 | 1 | 0 | -5 | 0.00 | 0 | 0 | 0.00 | 0.00 |